000 00599cam a22002411 4500
001 ne 61000159
003 DLC
005 20260227111733.0
008 880902s1959 xx 000 0 ara
010 _ane 61000159
035 _a(OCoLC)23518291
040 _aDLC
_cMiU
_dDLC
042 _apremarc
043 _aaw-----
050 0 0 _aHX380.5
_b.Q3
100 1 _aQalʻajī, Qadrī.
245 1 0 _aTajribat ʻArabī fī al-Ḥizb al-Shuyūʻī.
260 _c[1959?]
300 _a200 p.
_c21 cm.
500 _aRomanized.
650 0 _aCommunist parties
650 0 _aCommunism
_zMiddle East
999 _c44946
_d44946